000 00471nam a22001577a 4500
005 20240118090038.0
008 231113b |||||||| |||| 00| 0 eng d
041 _aEnglish / Afrikaans
082 _a345.3 LAW
100 _aScott, J and Neethling, J
_lEnglish / Afrikaans
245 _aLaw of Delict /
_cJ Scott and J Neethling
260 _c1993
300 _b19 pages ;
_c30,3 cm.
650 _aLegal practice
_bLaw
942 _cBK
_6ALISON_BN_VRIES
999 _c584
_d584